000 00289nam a22001337a 4500
008 170921b xxu||||| |||| 00| 0 eng d
020 _a39309600
041 _aeng
080 _a78
100 _a45
101 _aMUZ
245 _aA HISTORY OF WESTERN MUSIC
_cGROUT,D.J
942 _2udc
_cBK
999 _c28732
_d28732